Metal Gear Solid Delta: Snake Eater Trivia (Hard) - Statistics

General Stats
  • This quiz has been taken 18 times
  • The average score is 6 of 13
Answer Stats
Hint Answer % Correct
Whats the name of the highest difficulty? European Extreme
82%
What's the highest rank the player can get? Foxhound
73%
What does your character do after you spin him around in the survival viewer a couple times? Vomit
73%
How many Kerotan Frogs Are There 64
64%
How many times are you allowed to save in order to get said rank? 25
55%
What button do you use (Xbox or Playstation) to "stalk?" L1 / LB
55%
What's the radio frequency used to get out of the jail cell in gronzy grad? 144.75.
45%
What's the camo pattern called that you get from beating Volgin non-lethally Cold War
45%
What's the name of the super rare snake you can catch and have to keep till the end of of the game to get the infinity face paint? Tsuchinoko
45%
Which item cause soldiers to laugh at you when you equip it during the ocelot fight? Crocodile Cap
27%
What famous Disney voice actress was officially revealed in 2024 to be the voice of EVA? Jodi Benson
18%
How long to you need to wait for the End to die of old age 7-8 Days
9%
What is the only piece of equipment that allows Snake to breathe underwater indefinitely? Fork
9%
No matching quizzes found
Score Distribution
Percent of People with Each Score
Percentile by Number Answered
Your Score History
You have not taken this quiz